1579 1839 1712 1446 1521 1516 1737 1606 1014 1121 1414 1025 1033 1449 1300 1825 1688 1664 1437 1949 1055 1475 1619 1513 1790 1858 1833 1905 1609 1429 1529 1789 1918 1616 1563 1312 1029 1411 1869 1282 1557 1864 1023 1256 1123 1542 1940 1869 1785 1212 1049 1966 1312 1728 1299 1840 1149 1245 1472 1805 1187 1247 1679 1984 1601 1810 1720 1730 1151 1212 1467 1306 1756 1789 1053 1824 1941 1367 1186 1082 1546 1438 1667 1298 1624 1267 1563 1707 1124 1548 1089 1418 1442 1650 1135 1416 1623 1949 1021 BCNSPRNW ULIB Ver.6.0+V

เปลี่ยนเป็นภาษาไทย

Change to English
 แสดงรายละเอียดบรรณานุกรม
  กลับหน้าหลัก

Brief Record : Get Marc (ISO 2709) : E-mail record : QR code < ปิดหน้าต่าง
LEADER : 00000nas 2200000uu 4500
001    13399114887
003     ULIB
008    020711s|||| th a 000 0 tha d
022    ^a08585814
110    ^aโรงพยาบาลศรีสังวาลย์
245    ^aวารสารโรงพยาบาลศรีสังวาลย์/^cโรงพยาบาลศรีสังวาลย์
260    ^aแม่ฮ่องสอน :^bโรงพยาบาลศรีสังวาลย์,^cม.ป.ป.
310    ^aรายปี
850 ^a ULIB^bปีที่ 1 ฉบับที่ 20 ;ปีที่ 1 ฉบับที่ 20 ฉ.2 ;ปีที่ 1 ฉบับที่ 21 ;ปีที่ 1 ฉบับที่ 22 ;ปีที่ 1 ฉบับที่ 22 ฉ.2 ;ปีที่ 1 ฉบับที่ 23 ฉ.1 ;ปีที่ 24 ฉบับที่ 1 ฉ.1 ;ปีที่ 27 ฉบับที่ 1 ฉ.1
945    ^p0^l0^i900451
945    ^p0^l0^i900452
945    ^p0^l0^i901329
945    ^p0^l0^i902109
945    ^p0^l0^i902110
945    ^p0^l0^i902784
945    ^p0^l0^i903921
945    ^p0^l0^i905595
999    ^aวรรณษา ชูชัยมงคล
รายการนี้ยังไม่มีแท็ก
คุณยังไม่ได้ล็อกอิน คุณสามารถมีกิจกรรมร่วมกับเว็บไซต์ได้ แต่ต้องล็อกอินก่อน ::
  ล็อกอิน

รายการสื่อสารสนเทศ (วารสาร)

ดูแบบ: กล่อง รายการ
ARRIVED
ปีที่ 1 ฉบับที่ 20
สถานที่: ห้องสมุดวิทยาเขตสวรรค์ประชารักษ์ >วารสาร
ARRIVED
ปีที่ 1 ฉบับที่ 21
สถานที่: ห้องสมุดวิทยาเขตสวรรค์ประชารักษ์ >วารสาร
ARRIVED
ปีที่ 1 ฉบับที่ 22
สถานที่: ห้องสมุดวิทยาเขตสวรรค์ประชารักษ์ >วารสาร
ARRIVED
ปีที่ 1 ฉบับที่ 23 ฉ.1
สถานที่: ห้องสมุดวิทยาเขตสวรรค์ประชารักษ์ >วารสาร
ARRIVED
ปีที่ 24 ฉบับที่ 1 ฉ.1
สถานที่: ห้องสมุดวิทยาเขตสวรรค์ประชารักษ์ >วารสาร
ARRIVED
ปีที่ 27 ฉบับที่ 1 ฉ.1
สถานที่: ห้องสมุดวิทยาเขตสวรรค์ประชารักษ์ >วารสาร
รายการใกล้เคียง
    ผู้แต่ง []

BibComment


ยังไม่เคยถูกคอมเมนท์

คอมเมนท์ทรัพยากรรายการนี้
  คอมเมนท์: วารสารโรงพยาบาลศ..


 Copyright 2026. Bcnsprnw @Library